000 00721nam a22001695i 4500
001 162392
003 ES-MaACL
005 20230906212520.0
008 970410s1866 sp |||| | spa d
080 _a336.71(460)"18"
100 1 _aPolo de Bernabé y Borrás, José.
_9131246
245 1 0 _aObservaciones sobre el proyecto de ley para la creación de un banco general de emisión :
_bpublicadas en el periódico El Reino /
_cpor José Polo Bernabeu [sic] y Borrás.
260 _a[Madrid] :
_b[s.n.],
_c1866 (
_fImp. de M.B. de Quirós)
300 _a15 p. ;
_c23 cm.
650 4 _aBancos-
_zEspaña-
_yS.XIX.
_910490
852 4 _aES-MaACL
_jT-84-F-4
_z- Enc. hol., falto de cub. original
_z- Enc. en un vol. facticio
999 _c162392
_d162392